000 00990cam a2200289 i 4500
001 25902
003 Mx-PuUPA
005 20260309104214.0
008 140415s1989 ag a gr 001 0 spa d
020 _a950500219
040 _cMx-PuUPA
_aMx-PuUPA
_bspa
_dMx-PuUPA
_erda
041 0 _aspa
100 1 _aSiller, Clodomiro,
_eautor
_917886
245 1 0 _aPara comprender el mensaje de María de Guadalupe /
_cClodomiro L. Siller Acuña
250 _aSegunda edición
264 1 _aBuenos Aires :
_bEditorial Guadalupe,
_c©1989
300 _a94 páginas :
_bilustraciones ;
_c22 cm
336 _2rdacontent
_atexto
_btxt
337 _2rdamedia
_asin medio
_bn
338 _2rdacarrier
_avolumen
_bnc
600 0 4 _aNuestra Señora de Guadalupe
_xFuentes histórica
600 0 4 _aVirgen María
_xApariciones y milagros
_zMéxico
650 7 _2armarc
_aNican mopohua
_xTextos en náhuatl
942 _2ddc
_cLI
_h232.917
_iS58
999 _c25902
_d25902